[Event "ISR-ch Women 2018"]
[Site "Ma'alot-Tarshih"]
[Date "2018.12.13"]
[Round "2"]
[White "Reprun, Nadejda"]
[Black "Haitovich, Avital"]
[Result "1/2-1/2"]
[WhiteElo "2016"]
[BlackElo "1979"]
[Annotator "NA"]
[PlyCount "83"]
[EventDate "2018.12.12"]
[EventType "swiss"]
[EventCountry "ISR"]
[SourceTitle "playchess.com"]
[Source "ChessBase"]
[SourceQuality "1"]
[TimeControl "40/5400+30:1800+30"]

1. e4 {[%emt 0:00:00]} c5 {[%emt 0:00:00]} 2. Nf3 {[%emt 0:00:00]} d6 {[%emt 0:00:00]} 3. d4 {[%emt 0:00:00]} cxd4 {[%emt 0:00:00]} 4. Nxd4 {[%emt 0:00:00]} Nf6 {[%emt 0:00:00]} 5. Nc3 {[%emt 0:00:00]} g6 {[%emt 0:00:07]} 6. Be3 {[%emt 0:00:06]} Bg7 {[%emt 0:00:33]} 7. f3 {[%emt 0:00:13]} O-O {[%emt 0:00:10]} 8. Qd2 {[%emt 0:00:09]} Nc6 {[%emt 0:00:11]} 9. Bc4 {[%emt 0:00:25]} Bd7 {[%emt 0:00:09]} 10. O-O-O {[%emt 0:00:24]} Rb8 {[%emt 0:00:15]} 11. Bb3 {[%emt 0:00:44]} Na5 {[%emt 0:00:48]} 12. Kb1 {[%emt 0:00:43]} b5 {[%emt 0:01:42]} 13. h4 {[%emt 0:00:35]} Nc4 {[%emt 0:07:44]} 14. Bxc4 {[%emt 0:00:24]} bxc4 {[%emt 0:00:03]} 15. Ka1 {[%emt 0:00:22]} Qb6 {[%emt 0:07:26] LiveBook: 6 Games} 16. Rb1 {[%emt 0:01:21]} Qa5 {[%emt 0:01:36]} 17. h5 {[%emt 0:01:57]} Rb4 {[%emt 0:59:37]} 18. hxg6 {[%emt 0:23:50]} fxg6 {[%emt 0:00:31]} 19. Bh6 {[%emt 0:11:56]} Bxh6 $16 {[%emt 0:01:59]} 20. Qxh6 {[%emt 0:02:13]} Rf7 {[%emt 0:00:37]} 21. Qe3 {[%emt 0:03:07]} Qc5 {[%emt 0:03:07]} 22. Qg1 {[%emt 0:06:34]} e5 {[%emt 0:01:43]} 23. Nde2 {[%emt 0:00:44]} Qxg1 {[%emt 0:00:54]} 24. Rhxg1 {[%emt 0:00:50]} Bc6 {[%emt 0:03:12]} 25. Rgd1 {[%emt 0:00:47]} Rd7 {[%emt 0:01:15]} 26. Rd2 {[%emt 0:07:15]} d5 {[%emt 0:04:10]} 27. exd5 {[%emt 0:01:31]} Nxd5 {[%emt 0:00:03]} 28. Nxd5 {[%emt 0:01:52]} Rxd5 {[%emt 0:00:03]} 29. Rxd5 {[%emt 0:00:18]} Bxd5 {[%emt 0:00:01]} 30. Nc3 {[%emt 0:00:19]} Be6 {[%emt 0:06:27]} 31. Re1 {[%emt 0:00:19]} Bf5 {[%emt 0:00:04]} 32. Kb1 {[%emt 0:00:30]} Rb7 {[%emt 0:00:48]} 33. Rxe5 {[%emt 0:00:25]} Rd7 {[%emt 0:00:09]} 34. Kc1 {[%emt 0:01:19]} h5 {[%emt 0:00:12]} 35. Rd5 {[%emt 0:08:56]} Rxd5 {[%emt 0:01:16]} 36. Nxd5 {[%emt 0:00:02]} Kf7 {[%emt 0:00:06]} 37. Ne3 {[%emt 0:00:33]} Be6 {[%emt 0:00:01]} 38. Kd2 {[%emt 0:08:32]} Kf6 {[%emt 0:00:02]} 39. Nd1 {[%emt 0:01:37]} Ke5 {[%emt 0:01:14]} 40. Ke3 {[%emt 0:00:12]} Bf5 {[%emt 0:01:13]} 41. c3 {[%emt 0:32:51]} Bb1 {[%emt 0:06:43]} 42. a3 {[%emt 0:00:00]} 1/2-1/2

[Event "ISR-ch Women 2018"]
[Site "Ma'alot-Tarshih"]
[Date "2018.12.13"]
[Round "2"]
[White "Buzukashvili, Sofia"]
[Black "Klinova, Masha"]
[Result "0-1"]
[WhiteElo "1963"]
[BlackElo "2267"]
[Annotator "TA"]
[PlyCount "106"]
[EventDate "2018.12.12"]
[EventType "swiss"]
[EventCountry "ISR"]
[SourceTitle "playchess.com"]
[Source "ChessBase"]
[SourceQuality "1"]

{[%evp 22,106,35,34,59,12,16,35,61,24,25,26,37,33,32,-4,-7,-40,-33,-27,-20,-21,0,-16,-14,-12,-12,-64,-46,-111,-23,-20,104,75,91,85,54,-16,187,94,104,133,126,-60,-55,-86,-74,-315,-215,-479,-317,-243,-87,-87,-83,-362,-168,-183,-174,-175,-166,-119,-8,-297,-235,-546,-566,-874,-849,-716,-452,-673,-604,-1010,-1037,-884,-907,-1647,-1387,-1231,-368,-402,-394,-5583,-5251,-4933,-4594]} 1. c4 e5 2. Nc3 Nc6 3. g3 g6 4. Bg2 Bg7 5. d3 d6 6. e3 f5 7. Nge2 Nf6 8. O-O O-O 9. Rb1 a5 10. a3 g5 11. f4 {A25: English Opening vs King's Indian with ...Nc6 but without early d3} gxf4 (11... exf4 12. exf4 g4 13. Be3 Be6 14. Qb3 Rb8 15. Bf2 Bf7 16. Rfe1 h5 17. Qb5 Ne7 18. Qxa5 h4 {1-0 (62) Kamsky,G (2683)-Shirov,A (2691) Sochi 2015}) 12. exf4 {LiveBook: 3 Games} Nd4 13. b4 {White is slightly better.} axb4 14. axb4 Re8 15. fxe5 $146 ({Predecessor:} 15. h3 Nxe2+ 16. Nxe2 h5 17. Be3 h4 18. gxh4 Nh5 {½-½ (33) Kniest,O-Siebrecht,S (2295) Germany 1993}) 15... dxe5 16. Nd5 c6 17. Nxf6+ Bxf6 18. Nc3 Be6 19. Re1 Bf7 20. b5 Qd6 21. Kh1 Red8 22. bxc6 bxc6 23. Be3 Ra3 24. Na4 (24. Qc1 $11) 24... Ne6 $15 25. Bf1 ({White should play} 25. Nb2 $15) 25... Bg6 (25... e4 $17 {[%cal Re4d3]} 26. Bc1 Rxd3 27. Bxd3 exd3) 26. Bc1 $11 Rxd3 (26... Ra2 $11) 27. Bxd3 Qxd3 28. Qxd3 Rxd3 29. Rb6 (29. Bb2 $14) 29... Nd4 $2 (29... Bh5 $11 {and Black stays safe.}) 30. Rb8+ (30. Nc5 $1 $18 {[%cal Rc5d3]} Rf3 31. Nd7) 30... Kg7 $16 31. Rb7+ Bf7 32. Bb2 $2 (32. Nc5 $16 Rf3 33. Bb2) 32... Nf3 $15 {[%mdl 1024] Black has compensation.} 33. Rf1 {With the idea Nc5.} e4 34. Bc1 $2 (34. Kg2 $17) 34... Kg6 35. c5 $2 (35. Kg2 {was worth a try.} Bxc4 36. Nb2) 35... Bd5 {( -> ...e3)} 36. Nb6 Rc3 $2 $40 {[%mdl 128] Black has strong attack.} (36... Be6 $1 $19 {is more deadly.} 37. Rc7 f4 $1 {[%mdl 512]}) 37. Nxd5 $17 cxd5 38. Rb2 $2 {[%mdl 8192] [#]} (38. Bf4 $17 {is the only way for White.}) 38... Rxc5 (38... Rxc1 $142 $1 {[%mdl 512]} 39. Rxc1 Bxb2) 39. Ra2 Rc6 40. Kg2 d4 41. Bf4 d3 ({Better is} 41... Be5 $17 {aiming for ...Bxf4.} 42. Bc1 h6) 42. h4 $2 {[%mdl 8192]} (42. Rxf3 $1 $11 {and White has nothing to worry.} exf3+ 43. Kxf3) 42... Nd4 43. h5+ $2 (43. Rb1 {is a better chance.}) 43... Kxh5 $19 44. Rh1+ Kg4 45. Rxh7 Ne6 46. Bd2 (46. Be3 $142 f4 47. gxf4) 46... Bg5 {...Rc2 is the strong threat.} 47. Bxg5 Kxg5 {[%mdl 4096] Endgame KRR-KRN} 48. Rh8 Rd6 49. Ra1 e3 50. Rah1 Kf6 $2 (50... Nd4 {Strongly threatening ...d2.} 51. Rg8+ Kf6) 51. R8h6+ Ke5 52. Re1 $2 (52. Kf3 d2 53. Kxe3) 52... f4 53. Rh5+ Ke4 {Accuracy: White = 27%, Black = 33%.} 0-1

[Event "ISR-ch Women 2018"]
[Site "Ma'alot-Tarshih"]
[Date "2018.12.13"]
[Round "2"]
[White "Vardi, Shlomit"]
[Black "Ovechkin, Lilia"]
[Result "1-0"]
[WhiteElo "1910"]
[BlackElo "1779"]
[Annotator "NA"]
[PlyCount "103"]
[EventDate "2018.12.12"]
[EventType "swiss"]
[EventCountry "ISR"]
[SourceTitle "playchess.com"]
[Source "ChessBase"]
[SourceQuality "1"]
[TimeControl "40/5400+30:1800+30"]

1. e4 {[%emt 0:00:00]} d5 {[%emt 0:02:03]} 2. d4 {[%emt 0:00:00]} Nf6 {[%emt 0:09:00]} 3. e5 {[%emt 0:02:52]} Nfd7 {[%emt 0:00:53]} 4. Bd3 {[%emt 0:01:52]} g6 {[%emt 0:00:50]} 5. h4 {[%emt 0:11:31]} Bg7 {[%emt 0:07:39]} 6. h5 {[%emt 0:00:36]} O-O {[%emt 0:01:41]} (6... c5 $16 {was called for.}) 7. hxg6 {[%emt 0:04:07]} hxg6 {[%emt 0:14:40]} 8. Qf3 {[%emt 0:05:15]} Re8 {[%emt 0:15:43]} (8... Nxe5 $142 9. dxe5 Nc6) 9. e6 {[%emt 0:08:53]} (9. Qg3 $142) 9... Nf6 {[%emt 0:10:20]} 10. exf7+ {[%emt 0:04:03]} Kxf7 {[%emt 0:00:13]} 11. Qg3 {[%emt 0:04:56]} Bf5 {[%emt 0:02:50]} 12. Nf3 {[%emt 0:01:29]} Rh8 {[%emt 0:05:31]} 13. Ng5+ {[%emt 0:03:48]} ({Weaker is} 13. Ne5+ Ke6 $18) 13... Ke8 {[%emt 0:00:53]} 14. Rxh8+ {[%emt 0:02:13]} Bxh8 {[%emt 0:00:03]} 15. Bxf5 {[%emt 0:00:55]} gxf5 {[%emt 0:01:47]} 16. Qh3 {[%emt 0:00:25]} Kd7 $18 {[%emt 0:23:54]} (16... Nc6 $142 17. c3 Qc8 18. Qxh8+ Kd7) 17. Qxf5+ {[%emt 0:05:59]} Kc6 {[%emt 0:00:00]} 18. Bf4 {[%emt 0:09:21]} Qd7 {[%emt 0:00:00]} 19. Qd3 {[%emt 0:04:02]} b6 {[%emt 0:00:00]} 20. Nf7 {[%emt 0:02:15]} Qe6+ {[%emt 0:00:00]} 21. Be5 {[%emt 0:16:19]} Nbd7 {[%emt 0:00:00]} 22. Qc3+ {[%emt 0:01:29]} Nc5 {[%emt 0:00:00]} 23. Ng5 {[%emt 0:03:20]} Qf5 {[%emt 0:00:00]} 24. Nf3 {[%emt 0:03:04]} Nfe4 {[%emt 0:00:00]} 25. Qe3 {[%emt 0:00:33]} Nd7 {[%emt 0:00:00]} 26. c4 {[%emt 0:01:36]} Bxe5 {[%emt 0:00:39]} 27. cxd5+ {[%emt 0:00:14]} Kxd5 {[%emt 0:00:30]} 28. dxe5 {[%emt 0:01:10]} c5 {[%emt 0:00:57]} 29. Nc3+ {[%emt 0:00:31]} Nxc3 {[%emt 0:00:21]} 30. bxc3 {[%emt 0:00:08]} Kc6 {[%emt 0:01:53]} 31. O-O-O {[%emt 0:00:59]} b5 {[%emt 0:01:00]} 32. e6 {[%emt 0:00:34]} Nb6 {[%emt 0:01:17]} 33. g4 {[%emt 0:00:21]} Qf6 {[%emt 0:00:42]} 34. Qe4+ {[%emt 0:00:34]} Kc7 {[%emt 0:00:21]} 35. Qe5+ {[%emt 0:00:36]} Qxe5 {[%emt 0:00:33]} 36. Nxe5 {[%emt 0:00:05]} Rf8 {[%emt 0:00:49]} 37. Nf7 {[%emt 0:00:12]} Rg8 {[%emt 0:00:14]} 38. g5 {[%emt 0:00:14]} Rg6 {[%emt 0:00:13]} 39. Re1 {[%emt 0:01:16]} Nc4 {[%emt 0:01:03]} 40. f4 {[%emt 0:00:22]} Nd6 {[%emt 0:00:27]} 41. Re5 {[%emt 0:31:42]} Nc4 {[%emt 0:05:40]} 42. Re2 {[%emt 0:00:00]} Rg7 {[%emt 0:03:14]} 43. f5 {[%emt 0:00:00]} Rh7 {[%emt 0:04:47]} 44. f6 {[%emt 0:00:00]} Rh1+ {[%emt 0:02:31]} 45. Kc2 {[%emt 0:00:00]} Na3+ {[%emt 0:00:24]} 46. Kd3 {[%emt 0:00:00]} Rh3+ {[%emt 0:02:15]} 47. Re3 {[%emt 0:00:00]} c4+ {[%emt 0:00:35]} 48. Ke4 {[%emt 0:00:00]} Rxe3+ {[%emt 0:01:43]} 49. Kxe3 {[%emt 0:00:00]} exf6 {[%emt 0:01:01]} 50. g6 {[%emt 0:00:00]} b4 {[%emt 0:00:40]} 51. cxb4 {[%emt 0:00:00]} c3 {[%emt 0:00:38]} 52. g7 {[%emt 0:06:09]} 1-0

[Event "ISR-ch Women 2018"]
[Site "Ma'alot-Tarshih"]
[Date "2018.12.13"]
[Round "2"]
[White "Brusilovski, Lena"]
[Black "Levitan, Ronit"]
[Result "0-1"]
[WhiteElo "1886"]
[BlackElo "1875"]
[Annotator "NA"]
[PlyCount "74"]
[EventDate "2018.12.12"]
[EventType "swiss"]
[EventCountry "ISR"]
[SourceTitle "playchess.com"]
[Source "ChessBase"]
[SourceQuality "1"]
[TimeControl "40/5400+30:1800+30"]

1. e4 {[%emt 0:00:00]} e5 {[%emt 0:00:00]} 2. Nf3 {[%emt 0:01:17]} Nc6 {[%emt 0:00:00]} 3. Bc4 {[%emt 0:01:40]} Bc5 {[%emt 0:00:00]} 4. c3 {[%emt 0:01:34]} Nf6 {[%emt 0:00:00]} 5. d3 {[%emt 0:00:50]} d6 {[%emt 0:00:22]} 6. h3 {[%emt 0:01:48]} Bb6 {[%emt 0:02:09]} 7. Bb3 {[%emt 0:02:18]} h6 {[%emt 0:02:34]} 8. Nbd2 {[%emt 0:02:33]} Ne7 {[%emt 0:00:14]} 9. Nc4 {[%emt 0:00:43]} c6 {[%emt 0:02:56]} 10. Nxb6 {[%emt 0:00:57]} Qxb6 {[%emt 0:00:11]} 11. Be3 {[%emt 0:01:17]} c5 {[%emt 0:02:49]} 12. Ba4+ {[%emt 0:01:04]} Bd7 {[%emt 0:01:00]} 13. b4 {[%emt 0:00:42]} Qc7 {[%emt 0:01:39]} 14. O-O {[%emt 0:03:05]} O-O {[%emt 0:08:37]} 15. Rc1 {[%emt 0:03:38]} b5 {[%emt 0:04:50]} 16. Bc2 $11 {[%emt 0:00:38]} a5 {[%emt 0:01:45]} (16... c4 $11 {keeps the balance.}) 17. bxc5 {[%emt 0:03:34]} dxc5 {[%emt 0:00:20]} 18. Bb1 {[%emt 0:09:49]} ({White should play} 18. d4 $16) 18... Rfd8 {[%emt 0:08:07]} 19. Qe2 {[%emt 0:01:02]} Be6 {[%emt 0:09:32]} 20. Nd2 {[%emt 0:03:02]} Ng6 {[%emt 0:02:37]} 21. Rfd1 {[%emt 0:04:27]} Rac8 {[%emt 0:02:55]} 22. d4 {[%emt 0:01:54]} cxd4 {[%emt 0:01:32]} 23. cxd4 {[%emt 0:00:14]} Qxc1 {[%emt 0:01:55]} 24. Rxc1 {[%emt 0:00:43]} Rxc1+ {[%emt 0:00:05]} 25. Nf1 {[%emt 0:01:41]} Rxb1 {[%emt 0:00:41]} 26. d5 {[%emt 0:00:44]} Nxd5 {[%emt 0:15:04]} 27. Qd3 {[%emt 0:06:10]} Rxf1+ {[%emt 0:02:26]} 28. Kxf1 {[%emt 0:01:46]} Nxe3+ {[%emt 0:00:34]} 29. Qxe3 {[%emt 0:00:24]} Nf4 {[%emt 0:00:47]} 30. Kg1 {[%emt 0:01:11]} Bxa2 {[%emt 0:11:34]} 31. Qb6 {[%emt 0:01:47]} Rd1+ {[%emt 0:00:46]} 32. Kh2 {[%emt 0:00:11]} b4 {[%emt 0:02:20]} 33. Qxa5 {[%emt 0:02:41]} b3 {[%emt 0:01:33]} 34. Qxe5 {[%emt 0:03:49]} Nd3 {[%emt 0:04:28]} 35. Qe8+ {[%emt 0:02:42]} Kh7 {[%emt 0:00:08]} 36. Qxf7 {[%emt 0:00:31]} b2 {[%emt 0:00:49]} 37. Qf5+ {[%emt 0:00:17]} Kh8 {[%emt 0:00:08]} 0-1

[Event "ISR-ch Women 2018"]
[Site "Ma'alot-Tarshih"]
[Date "2018.12.13"]
[Round "2"]
[White "Shaul Zeidner, Lyad"]
[Black "Katkov, Michelle"]
[Result "0-1"]
[WhiteElo "1671"]
[BlackElo "1887"]
[Annotator "NA"]
[PlyCount "50"]
[EventDate "2018.12.12"]
[EventType "swiss"]
[EventCountry "ISR"]
[SourceTitle "playchess.com"]
[Source "ChessBase"]
[SourceQuality "1"]
[TimeControl "40/5400+30:1800+30"]

1. e4 {[%emt 0:00:00]} e5 {[%emt 0:00:00]} 2. Bc4 {[%emt 0:00:00]} Bc5 {[%emt 0:01:21]} 3. Nc3 {[%emt 0:04:13]} Nf6 {[%emt 0:01:36]} 4. d3 {[%emt 0:01:32]} d6 {[%emt 0:00:38]} 5. h3 {[%emt 0:00:36]} h6 {[%emt 0:01:23]} 6. f4 {[%emt 0:01:10]} Nc6 {[%emt 0:05:16]} 7. Na4 {[%emt 0:19:50]} Nxe4 {[%emt 0:04:55]} 8. Nf3 {[%emt 0:13:25]} Nf2 {[%emt 0:01:56]} 9. Qe2 {[%emt 0:16:15]} Nxh1 {[%emt 0:00:48]} 10. Nxc5 {[%emt 0:04:55]} dxc5 $19 {[%emt 0:00:35]} 11. g4 {[%emt 0:08:59]} Qe7 {[%emt 0:07:03]} 12. fxe5 {[%emt 0:06:20]} h5 {[%emt 0:01:01]} 13. Bg5 {[%emt 0:12:44]} Qd7 {[%emt 0:03:20]} 14. O-O-O {[%emt 0:06:14]} hxg4 {[%emt 0:00:16]} 15. Rxh1 {[%emt 0:00:03]} gxf3 {[%emt 0:00:24]} 16. Qxf3 {[%emt 0:00:06]} Qf5 {[%emt 0:01:09]} 17. Qxf5 {[%emt 0:00:20]} Bxf5 {[%emt 0:00:05]} 18. h4 {[%emt 0:00:58]} Na5 {[%emt 0:01:26]} 19. Bd5 {[%emt 0:01:14]} c6 {[%emt 0:00:27]} 20. Bg2 {[%emt 0:00:19]} c4 {[%emt 0:00:19]} 21. d4 {[%emt 0:00:18]} Kd7 {[%emt 0:01:14]} 22. Rd1 {[%emt 0:00:30]} Be6 {[%emt 0:00:59]} 23. Bd2 {[%emt 0:00:48]} b6 {[%emt 0:00:08]} 24. Bg5 {[%emt 0:00:10]} Nb7 {[%emt 0:01:41]} 25. c3 {[%emt 0:00:32]} Raf8 {[%emt 0:00:17]} 0-1

[Event "ISR-ch Women 2018"]
[Site "Ma'alot-Tarshih"]
[Date "2018.12.14"]
[Round "3"]
[White "Klinova, Masha"]
[Black "Haitovich, Avital"]
[Result "1-0"]
[WhiteElo "2267"]
[BlackElo "1979"]
[Annotator "TA"]
[PlyCount "104"]
[EventDate "2018.12.11"]
[EventType "swiss"]
[EventCountry "ISR"]
[SourceTitle "playchess.com"]
[Source "ChessBase"]
[SourceQuality "1"]

{[%evp 23,104,62,54,61,62,63,85,52,56,47,45,52,56,72,136,134,153,147,157,150,148,146,145,135,136,120,114,123,148,143,195,182,194,189,185,175,186,179,245,233,396,325,301,253,264,235,257,252,254,244,384,385,468,465,464,461,444,381,543,548,501,460,467,464,473,464,710,701,1010,937,935,786,1582,1650,1551,1566,1441,1295,6152,6099,29986,29986,6739]} 1. e4 c5 2. Nf3 d6 3. Bb5+ Nd7 4. O-O Ngf6 5. Re1 a6 6. Bf1 b6 7. d4 cxd4 8. Nxd4 Bb7 9. f3 g6 10. c4 Bg7 11. Nc3 O-O 12. Be3 {B51: Sicilian: Moscow Variation (3 Bb5+) without 3...Bd7} (12. Bg5 h6 13. Be3 Rc8 14. Qd2 Kh7 15. Rac1 Re8 16. b4 e6 17. Na4 Bf8 18. Nb3 Bc6 19. b5 Bb7 {0-1 (71) Pruijssers,R (2493)-Van Wely,L (2674) Netherlands 2016}) 12... Rc8 {LiveBook: 4 Games} 13. Rc1 Re8 14. Qd2 {White is slightly better.} Qc7 15. Nd5 Qb8 16. b4 $146 e6 17. Nxf6+ Nxf6 18. Nb3 d5 (18... Nd7 $142) 19. exd5 $16 exd5 {[#]} 20. c5 $1 ({And not} 20. Bxb6 Rxe1 21. Qxe1 dxc4 $11) 20... b5 21. Bd4 Rxe1 22. Rxe1 Re8 23. Rxe8+ Qxe8 24. Qe2 Qxe2 25. Bxe2 Ne8 26. Kf2 Bxd4+ (26... Bh6 $16 27. Bd3 Kf8) 27. Nxd4 {[%mdl 4096] Endgame KBN-KBN} Kf8 28. Ke3 Ke7 29. f4 Nc7 30. g4 h6 (30... Bc8 $142 31. Bf3 Bd7) 31. h4 Ne6 $2 (31... Bc8 {was worth a try.} 32. Nc6+ Kf8) 32. Bf3 Nc7 33. Bd1 Bc8 34. g5 hxg5 35. fxg5 ({Don't take} 35. hxg5 $6 Bd7 $16) 35... Bd7 36. Bc2 Ne8 (36... Be8 $142 37. Bb3 f6) 37. Kf4 $18 Nc7 38. Ke5 Bh3 39. a4 bxa4 {White should prevent ...a3.} 40. Bxa4 Bf1 (40... Bg2 {was called for.} 41. Nc6+ Kf8) 41. Bc6 Bc4 42. Nc2 Ba2 43. Ne3 d4 44. Kxd4 Ne6+ (44... Ke6 $142 45. Bb7 Nb5+ 46. Ke4 Nc7) 45. Ke5 a5 46. bxa5 {[%cal Bb4a5,Ba5a6,Ba6a7][%mdl 32] [#] Threatens to win with a6.} Nxc5 47. Bb5 Be6 48. a6 {White threatens a7 and mate.} Bc8 49. a7 Bb7 50. Nd5+ Kf8 51. Nb6 Ne4 52. Bc4 Nc3 {Accuracy: White = 87%, Black = 24%.} 1-0

[Event "ISR-ch Women 2018"]
[Site "Ma'alot-Tarshih"]
[Date "2018.12.14"]
[Round "3"]
[White "Lahav, Michal"]
[Black "Shvayger, Yuliya"]
[Result "0-1"]
[WhiteElo "2059"]
[BlackElo "2393"]
[Annotator "TA"]
[PlyCount "96"]
[EventDate "2018.12.11"]
[EventType "swiss"]
[EventCountry "ISR"]
[SourceTitle "playchess.com"]
[Source "ChessBase"]
[SourceQuality "1"]

{[%evp 22,96,25,0,0,0,-14,-1,0,-31,-19,-24,-11,-87,-59,-156,-140,-164,-166,-137,-162,-195,-121,-230,-252,-344,-364,-350,-334,-345,-364,-357,-337,-293,-206,-482,-496,-462,-486,-978,-1046,-1175,-765,-1531,-1532,-1517,-1496,-2941,-2459,-5558,-848,-5570,-2267,-2267,-1810,-1772,-616,-607,-600,-522,-329,-326,-301,-291,-308,-368,-270,-573,-370,-910,-879,-29988,-29989,-29990,-29991,-29996,-29994]} 1. e4 c5 2. Nf3 Nc6 3. d4 cxd4 4. Nxd4 Qb6 5. Nb3 Nf6 6. Nc3 e6 7. Qe2 Bb4 {B33: Sicilian: Pelikan and Sveshnikov Variations} (7... Qc7 8. f4 Bb4 9. Bd2 Bxc3 10. bxc3 d6 11. g4 b6 12. Bg2 Bb7 13. g5 Nd7 14. h4 Na5 15. Nxa5 bxa5 {1-0 (38) Kramnik,V (2812)-Fressinet,L (2687) Paris 2016}) 8. Bd2 a5 9. a3 Bxc3 10. Bxc3 e5 11. O-O-O O-O 12. Kb1 {LiveBook: 7 Games} Rd8 13. f3 {[#]} d6 $146 ({Predecessor:} 13... a4 14. Nc1 d5 15. Qb5 {0-1 (31) Baramidze,D (2601)-Naiditsch,A (2684) Germany 2016}) 14. g4 Be6 15. g5 (15. Qb5 $5 {[%cal Rb5b6]} Qf2 16. Be2 $11 (16. Qxb7 Qxf3 17. Bb5 Na7 $17)) 15... Nh5 16. Qb5 Qc7 17. Nc1 (17. h4 $11) 17... b6 $17 {[%cal Bb7b6,Bb6b5][%mdl 32]} 18. Ne2 (18. Rg1 $15) 18... Na7 $1 {[%cal Ra7b5]} 19. Qd3 b5 $1 20. Bd2 d5 {[%cal Bd6d5,Bd5d4][%mdl 32]} 21. Qc3 Qb8 (21... Qb7 $1 $19 22. Ng3 (22. Qxe5 Nc6 $17) 22... Rac8) 22. Ng3 (22. Nc1 $17 {might work better.}) 22... b4 $19 23. axb4 d4 24. Qa3 {[#]} Nxg3 $1 25. hxg3 axb4 26. Qxb4 Qc7 {White must now prevent ...Rdb8.} 27. Qa5 Qe7 28. Qb4 $2 (28. Bb4 {was forced.} Qxg5 29. Ba3) 28... Qd7 29. g6 hxg6 30. Bg5 (30. Rh4 $142 Nc6 31. Qc5) 30... Rdb8 31. Qc5 Qa4 {aiming for ...Rc8.} 32. Bd3 Nc6 {[%csl Ga8][%cal Ra4a1,Ba7c6,Bc6b4,Bb4d3][%mdl 32]} 33. Kc1 Nb4 34. Rh2 Nxd3+ 35. Rxd3 Rc8 (35... Qa1+ $142 36. Kd2 Qg1 {[%mdl 64] Double Attack}) 36. Qxe5 Qa1+ 37. Kd2 Qxb2 38. Ke1 Rxc2 (38... Ra1+ $142 39. Rd1 Rxd1+ 40. Kxd1 {[#]} Bb3 $1 {[%mdl 576] Pin}) 39. Rxc2 Qxc2 40. Qxd4 Qg2 41. Bc1 Qxg3+ ({Resist} 41... Qh1+ 42. Kd2 $19) 42. Qf2 Qh3 43. Bb2 f6 44. Qg1 $2 (44. Kd2) 44... Rb8 45. Rd2 $2 (45. Bc1) 45... Qxf3 46. Qxg6 Bg4 {Black mates.} 47. e5 Qg3+ {[%mdl 64] Double Attack} 48. Rf2 Qg1+ {Accuracy: White = 21%, Black = 86%.} 0-1

[Event "ISR-ch Women 2018"]
[Site "Ma'alot-Tarshih"]
[Date "2018.12.14"]
[Round "3"]
[White "Reprun, Nadejda"]
[Black "Orian, Noga"]
[Result "1-0"]
[WhiteElo "2016"]
[BlackElo "1343"]
[Annotator "NA RC"]
[PlyCount "83"]
[EventDate "2018.12.11"]
[EventType "swiss"]
[EventCountry "ISR"]
[SourceTitle "playchess.com"]
[Source "ChessBase"]
[SourceQuality "1"]
[TimeControl "40/5400+30:1800+30"]

1. e4 {[%emt 0:00:00]} c5 {[%emt 0:00:00]} 2. Nf3 {[%emt 0:00:00]} d6 {[%emt 0:00:00]} 3. d4 {[%emt 0:00:00]} cxd4 {[%emt 0:00:00]} 4. Nxd4 {[%emt 0:00:00]} Nf6 {[%emt 0:00:00]} 5. Nc3 {[%emt 0:00:00]} a6 {[%emt 0:00:00]} 6. Be2 {[%emt 0:00:14]} e5 {[%emt 0:00:05]} 7. Nb3 {[%emt 0:00:06]} Be6 {[%emt 0:00:06] LiveBook: 318 Games} 8. O-O {[%emt 0:01:24]} Be7 {[%emt 0:00:09]} 9. Be3 {[%emt 0:01:01]} Nc6 {[%emt 0:01:09] B92: Sicilian Najdorf: 6 Be2} (9... O-O 10. Qd2 Nbd7 11. a4 Rc8 12. a5 Qc7 13. Rfd1 Rfe8 14. Nc1 Qc6 15. f3 Qc7 16. Nb3 h6 17. Rdc1 Qc6 18. Rd1 Qc7 19. Rdc1 Qc6 20. Rd1 {½-½ (20) Sjugirov,S (2674)-Nepomniachtchi,I (2703) Sochi 2016}) 10. f3 {[%emt 0:02:30]} Rc8 {[%emt 0:04:05]} 11. Qd2 {[%emt 0:03:07]} h6 $146 {[%emt 0:07:13]} ({Predecessor:} 11... O-O 12. Nd5 Re8 13. Bb6 Qd7 14. Rad1 Bxd5 15. exd5 Bd8 16. Bxd8 Nxd8 {1-0 (25) Graczyk,N (1769)-Gaudyn,R (1579) Katowice 2018}) 12. Rfd1 {[%emt 0:05:55]} Na5 {[%emt 0:08:36]} 13. Nd5 {[%emt 0:20:55]} Bxd5 {[%emt 0:10:39]} 14. Nxa5 {[%emt 0:02:02]} Bc6 {[%emt 0:00:10]} 15. Nxc6 {[%emt 0:01:54]} Rxc6 {[%emt 0:00:06]} 16. a4 {[%emt 0:04:44]} Qc7 {[%emt 0:01:09]} 17. c4 {[%emt 0:02:03]} Nd7 {[%emt 0:08:55]} 18. a5 {[%emt 0:02:43]} Nc5 $1 {[%emt 0:05:20]} 19. Ra3 {[%emt 0:00:15]} Ne6 {[%emt 0:03:31]} 20. b4 {[%emt 0:01:13]} Bg5 {[%emt 0:06:05]} 21. Bxg5 {[%emt 0:10:05]} hxg5 {[%emt 0:00:08]} 22. c5 {[%emt 0:02:31]} ({White should try} 22. Ra2 $14) 22... Nd4 {[%emt 0:03:42]} 23. Bc4 {[%emt 0:07:00]} Qd8 {[%emt 0:03:51]} 24. Bd5 {[%emt 0:03:21]} Rc7 {[%emt 0:03:53]} 25. Rd3 {[%emt 0:03:28]} f6 {[%emt 0:02:48]} 26. Rxd4 {[%emt 0:02:32]} exd4 {[%emt 0:00:40]} 27. Qxd4 {[%emt 0:00:10]} Ke7 {[%emt 0:04:43]} 28. Bb3 {[%emt 0:03:55]} Rd7 $2 {[%emt 0:21:05]} (28... dxc5 29. Qc4 Qe8) 29. Qd5 {[%emt 0:03:17]} Kf8 {[%emt 0:00:04]} 30. cxd6 {[%emt 0:00:34]} g6 {[%emt 0:00:33]} 31. Ba4 {[%emt 0:01:15]} Rhh7 {[%emt 0:00:35]} 32. Bxd7 {[%emt 0:03:05]} Rxd7 {[%emt 0:00:08]} 33. g3 {[%emt 0:02:11]} b6 {[%emt 0:01:47]} 34. Qc6 $18 {[%emt 0:01:07]} bxa5 {[%emt 0:00:58]} 35. bxa5 {[%emt 0:00:05]} Ra7 {[%emt 0:01:32]} 36. d7 {[%emt 0:00:43]} Kf7 {[%emt 0:01:13]} 37. Qc8 {[%emt 0:02:06]} Ra8 {[%emt 0:00:17]} 38. Qxa8 {[%emt 0:00:21]} Qxa8 {[%emt 0:01:14]} 39. d8=Q {[%emt 0:00:06]} Qa7+ {[%emt 0:00:31]} 40. Qb6 {[%emt 0:00:36]} Qe7 {[%emt 0:00:26]} 41. Rc1 {[%emt 0:30:55]} Qa3 {[%emt 0:30:53]} 42. Rc7+ {[%emt 0:00:08]} 1-0